Harry Potter Chamber of Secrets Characters Quiz Stats

 Plays Quiz Updated Oct 9, 2018

Score 0/96 Timer 15:00
44 Plays Today
Mentions Character % Correct
1,695Harry Potter
99.7%
727Ron Weasley
99.2%
331Hermione Granger
98.5%
163Albus Dumbledore
96.6%
115Ginny Weasley
96.3%
103Fred Weasley
95.5%
89George Weasley
95.4%
189Voldemort
94.4%
66Molly Weasley
93.6%
68Percy Weasley
93.1%
72Arthur Weasley
92.9%
102Professor Snape
92.8%
165Draco Malfoy
92.6%
165Rubeus Hagrid
91.9%
7Bill Weasley
90.3%
4Charlie Weasley
89.9%
80Lucius Malfoy
89.6%
95Professor McGonagall
87.9%
238Gilderoy Lockhart
87.8%
32Neville Longbottom
81.2%
40Gregory Goyle
79.3%
34Vincent Crabbe
78.9%
36Dudley Dursley
78%
42Vernon Dursley
77.7%
30Petunia Dursley
77.5%
10Professor Flitwick
77.1%
150Dobby
76.5%
25Professor Sprout
76.1%
19Seamus Finnigan
75%
16Dean Thomas
73.2%
50Oliver Wood
72.9%
63Argus Filch
71.4%
Mentions Character % Correct
48Nearly Headless Nick
70.9%
20Hedwig
69.6%
51Colin Creevey
68.2%
69Moaning Myrtle
67.7%
2Katie Bell
66.7%
3Angelina Johnson
65.7%
24Mrs. Norris
65.2%
2Mr. Granger
64.5%
2Mrs. Granger
64.5%
19Aragog
64%
1Parvati Patil
63.1%
29Madam Pomfrey
62%
28Fang
60.6%
17Cornelius Fudge
60.3%
42Justin Finch-Fletchley
60%
2Lavender Brown
58.1%
5Alicia Spinnet
57.1%
3Scabbers
55.6%
1Bloody Baron
55.6%
27Peeves
55.2%
51Salazar Slytherin
52.5%
17Professor Binns
51.5%
3Godric Gryffindor
50.5%
6Lee Jordan
50.3%
1Rowena Ravenclaw
49.6%
1Helga Hufflepuff
49.3%
9Madam Hooch
49.1%
28Ernie Macmillan
48.8%
11Marcus Flint
45.9%
5Hannah Abbott
44.2%
1Fat Lady
44.1%
11Millicent Bulstrode
43.6%
Mentions Character % Correct
30Fawkes
43.3%
2Penelope Clearwater
43.1%
9Errol
42.7%
1Fat Friar
41.3%
5Madam Pince
37.9%
1Fluffy
37.6%
10Armando Dippet
31.1%
16Mr. Borgin
30%
7Mrs. Mason
26.8%
6Mr. Mason
26.8%
1Hermes
25.7%
1Professor Sinistra
25.5%
1Terry Boot
23.7%
1Mafalda Hopkirk
20.2%
2Adrian Pucey
18.5%
1Mundungus Fletcher
17.6%
9Sir Patrick Delaney-Podmore
17.3%
2Olive Hornby
16.8%
1Mosag
15.1%
1Perkins
13.8%
1Miranda Goshawk
12.5%
1Celestina Warbeck
12.3%
1Wailing Widow
12.2%
1Gladys Gudgeon
11.5%
2Veronica Smethley
10.5%
1Mr. Angus Fleet
10.5%
1Fawcett
10.5%
1Martin Miggs
10.3%
1Mrs. Hetty Bayliss
10.2%
1Warlock D. J. Prod
10.2%
1Madam Z. Nettles
9.8%
1Mortlake
9.6%

You're not logged in!

Compare scores with friends on all Sporcle quizzes.
OR
Log In

Sporcle TV

Today on Sporcle TV


Watch our educational content, quiz creation guides, and fun videos on Sporcle TV.

Show Comments

Extras

Top Quizzes Today


Score Distribution

Your Account Isn't Verified!

In order to create a playlist on Sporcle, you need to verify the email address you used during registration. Go to your Sporcle Settings to finish the process.

Report this User

Report this user for behavior that violates our Community Guidelines.

Details: